[Event "LSS OP-2007-0-00399"]
[Site "LSS email"]
[Date "2007.11.02"]
[Round "?"]
[White "Pastorek, Ondrej"]
[Black "Chatzisotiriou, Petros"]
[Result "0-1"]
[WhiteElo "1350"]
[BlackElo "1150"]
[PlyCount "22"]
[EventDate "2007.11.01"]
[EventType "tourn (corr)"]
[EventRounds "4"]
[EventCountry "GER"]
[SourceTitle "Corr 2015"]
[Source "ChessBase"]
[SourceDate "2015.07.17"]
[SourceVersion "1"]
[SourceVersionDate "2015.07.17"]
[SourceQuality "1"]

1. c4 Nf6 2. Nc3 g6 3. d4 d5 4. c5 Bg7 5. h3 0-0 6. g4 b6 7. b4 a5 8. b5 bxc5 9. dxc5 Ne4 10. Nxd5 Bxa1 11. f3 Nc3 0-1